ბათუმის შოთა რუსთაველის სახელმწიფო უნივერსიტეტის ბიბლიოთეკა

პორნოგრაფია და უხამსობა ; ფსიქოანალიზი და არაცნობიერი / (ბიბ.ჩანაწერი № 62126)

000 -ლიდერი
ფიქსირებული სიგრძის საკონტროლო ველი 01299nam a22002297a 4500
003 - საკონტროლო ნომრის იდენტიფიკატორი
საკონტროლო ველი Ge_BSU
005 - ბოლო ოპერაციის თარიღი და დრო
საკონტროლო ველი 20240717150242.0
008 - ფიქსირებული სიგრძის მონაცემთა ელემენტები - ზოგადი ინფორმაცია
ფიქსირებული სიგრძის საკონტროლო ველი 240717s ge ||||| |||| 00| 0 geo d
020 ## - წიგნის საერთაშორისო სტანდარტული ნომერი
International Standard Book Number 9789941848834
041 ## - ენის კოდი
Language code of text/sound track or separate title geo
080 ## - უნივერსალური ათობითი კლასიფიკაციის ინდექსი
Universal Decimal Classification number 159.964.2+821.11-4 ₾-87
100 ## - მთავარი ჩანაწერი - პიროვნების სახელი
Personal name ლოურენსი, დევიდ ჰერბერტ, 1885-1930
Relator term ავტორი.
9 (RLIN) 22859
245 ## - ცნობა სათაურის შესახებ
Title პორნოგრაფია და უხამსობა ; ფსიქოანალიზი და არაცნობიერი /
Statement of responsibility, etc დევიდ ჰერბერტ ლოურენსი ; მთარგმ. გია ბერაძე.
250 ## - გამოცემის ცნობა
Edition statement მე-2 გამოცემა.
264 ## - წარმოების, გამოცემის, დისტრიბუციის და სხვა ცნობები
გამოცემის, წარმოების, დისტრიბუციის... ადგილი თბილისი :
გამოცემის, წარმოების, დისტრიბუციის... სახელწოდება აქტი,
გამოცემის, წარმოების, დისტრიბუციის... თარიღი 2022.
300 ## - ფიზიკური აღწერა
Extent 142 გვ. ;
Other physical details 19,5 სმ
653 ## - INDEX TERM--UNCONTROLLED
Uncontrolled term ფსიქოანალიზი.
653 ## - INDEX TERM--UNCONTROLLED
Uncontrolled term ცნობიერი და არაცნობიერი.
653 ## - INDEX TERM--UNCONTROLLED
Uncontrolled term ინგლისური ლიტერატურა -- ესსეები. ინგლისური ლიტერატურა -- თარგმანები ქართულ ენაზე.
700 ## - ADDED ENTRY--PERSONAL NAME
Personal name ბერაძე, გია
Relator term მთარგმნელი.
9 (RLIN) 22860
942 ## - ADDED ENTRY ELEMENTS (KOHA)
Source of classification or shelving scheme
Koha item type წიგნი
ეგზემპლარები
ჩამოწერის სტატუსი დაკარგული ეგზემპლარის სტატუსი კლასიფიკაციის წყარო ან თაროზე გაწყობის სქემა დაზიანების სტატუსი არ გაიცემა მუდმივი მდებარეობა (დაცვის ადგილი) ამჟამინდელი ადგილსამყოფელი თაროზე განთავსების ადგილი შეძენის თარიღი ღირებულება, შესყიდვის ნორმალური ფასი სრული შენახვის შიფრი შტრიხკოდი ბოლო ოპერაციის თარიღი ეგზემპლარის მიმდევრობითი ნომერი (კეტერი?) ფასის ძალაში შესვლის თარიღი ეგზემპლარის სახეობა საჯარო შენიშვნა
          ბათუმის შოთა რუსთაველის სახელმწიფო უნივერსიტეტის მთავარი ბიბლიოთეკა ბათუმის შოთა რუსთაველის სახელმწიფო უნივერსიტეტის მთავარი ბიბლიოთეკა წიგნსაცავი 2024-07-17 30.00 159.964.2+821.11-4 ლ-87 68770 2024-07-17 68770 2024-07-17 წიგნი 30.00
          ბათუმის შოთა რუსთაველის სახელმწიფო უნივერსიტეტის მთავარი ბიბლიოთეკა ბათუმის შოთა რუსთაველის სახელმწიფო უნივერსიტეტის მთავარი ბიბლიოთეკა წიგნსაცავი 2024-07-17 30.00 159.964.2+821.11-4 ლ-87 68771 2024-07-17 68771 2024-07-17 წიგნი 30.00